ratado libre de comercio etre Centroamérica y Estados Unidos. Información, constulta y participación con la sociedad civil costarricense en la negociación del TLC

Guardat en:
Dades bibliogràfiques
Autor corporatiu: Costa Rica. Ministerio de Comercio Exterior
Format: Text
Publicat: San José: COMEX
Matèries:
Etiquetes: Afegir etiqueta
Sense etiquetes, Sigues el primer a etiquetar aquest registre!

MARC

LEADER 00000 a a2200000 04500
001 32542
003
040
090 |a 0001 C8375t vol.6  
110 |a Costa Rica. Ministerio de Comercio Exterior  
245 |a ratado libre de comercio etre Centroamérica y Estados Unidos. Información, constulta y participación con la sociedad civil costarricense en la negociación del TLC  
260 |a San José:   |b COMEX  
300 |a 19 p.; v. 6  
650 |a TLC  
650 |a NEGOCIACIONES COMERCIALES  
650 |a PARTICIPACION SOCIAL  
650 |a ACCESO A LA INFORMACION  
650 |a COSTA RICA  
999 |c 1688  |d 1688